Capitales de los 15 paises más grandes del mundo - Estadísticas

Estadísticas generales
  • Esta prueba ha sido intentada 58 veces
  • La puntuación promedio es 12 de 15
Estadísticas de respuestas
País Capital % Correcto
Brasil Brasilia
98%
China Pekín
98%
Estados Unidos Washington DC
98%
Argentina Buenos Aires
96%
Rusia Moscú
96%
México Ciudad de México
94%
Canadá Ottawa
92%
Australia Canberra
88%
India Nueva Delhi
84%
Argelia Argel
72%
Indonesia Yakarta
70%
Arabia Saudita Riad
58%
Kazajistán Astana
54%
República Democrática del Congo Kinsasa
52%
Sudán Jartum
42%
No se encontraron pruebas coincidentes
Distribución de puntuación
Porcentaje de gente con cada puntuación
Porcentaje por número respondido
Historial de tus puntuaciones
No has intentado esta prueba.